Ergonomía
Guardat en:
| Autors principals: | , , |
|---|---|
| Format: | Llibre |
| Idioma: | espanyol |
| Publicat: |
Ciudad de México
Alfaomega
2000
|
| Matèries: | |
| Etiquetes: |
Afegir etiqueta
Sense etiquetes, Sigues el primer a etiquetar aquest registre!
|
MARC
| LEADER | 00000nam a2200000 a 4500 | ||
|---|---|---|---|
| 001 | UCI9356 | ||
| 003 | CL-VaPUC | ||
| 008 | 081113e20000000MX |||||||||||||||||spa|d | ||
| 020 | |a 9701502957v.1 | ||
| 020 | |a 9701502965v.2 | ||
| 020 | |a 9701502981v.3 | ||
| 020 | |a 9701507827v.4 | ||
| 082 | 0 | 4 | |a 620.82 |b MON |2 21 |
| 100 | |a Mondelo, Pedro R. |e autor |9 533058 | ||
| 700 | 0 | |a Gregori Torada, Enrique |e author |9 533059 | |
| 700 | 0 | |a Barrau Bombardo, Pedro |e author |9 533060 | |
| 245 | 1 | 0 | |a Ergonomía |
| 300 | |a v | ||
| 942 | |c BK | ||
| 945 | |d 20081113 00:00:00 |a rbrito | ||
| 260 | |a Ciudad de México |b Alfaomega |c 2000 | ||
| 500 | |a incluye cd: v.2;v.3;v.4 | ||
| 500 | |a v.1: Fundamentos | ||
| 500 | |a v.2: Confort y estrés térmico | ||
| 500 | |a v.3: Diseño de puesto de trabajo | ||
| 500 | |a v.4: El trabajo en oficinas | ||
| 650 | 7 | |a ERGONOMIA |2 CL-VaPUC |9 357101 | |
| 650 | 0 | |a Biomecánica |9 307420 | |
| 650 | 0 | |a Seguridad en el trabajo |9 339687 | |
| 650 | 7 | |a SEGURIDAD INDUSTRIAL |2 CL-VaPUC |9 254906 | |
| 650 | 7 | |a ERGONOMETRIA |2 CL-VaPUC |9 358031 | |
| 650 | 7 | |a MEDICINA LABORAL |2 CL-VaPUC |9 533061 | |
| 650 | 0 | |a Bioingeniería |9 266821 | |
| 583 | |a last modification |c 20081113 00:00:00 |k Rodrigo Vera | ||
| 999 | |c 331915 |d 331913 | ||
| 952 | |0 0 |1 0 |4 0 |6 620_820000000000000_MON_2000 |7 0 |8 A |9 419143 |a BIBCUR |b BIBCUR |d 2019-11-22 |h v.1 |i 4496744 |o 620.82 MON 2000 |p 4496744 |r 2025-04-22 |w 2019-11-22 |y BK |k KIN | ||
| 952 | |0 0 |1 0 |4 0 |6 620_820000000000000_MON_2000 |7 0 |8 A |9 419144 |a BIBCUR |b BIBCUR |d 2019-11-22 |h v.2 |i 4496752 |o 620.82 MON 2000 |p 4496752 |r 2025-04-22 |w 2019-11-22 |y BK |k KIN | ||
| 952 | |0 0 |1 0 |4 0 |6 620_820000000000000_MON_2000 |7 0 |8 A |9 419145 |a BIBCUR |b BIBCUR |d 2019-11-22 |h v.3 |i 4496884 |o 620.82 MON 2000 |p 4496884 |r 2025-04-22 |w 2019-11-22 |y BK |k KIN | ||
| 952 | |0 0 |1 0 |4 0 |6 620_820000000000000_MON_2000 |7 0 |8 A |9 419146 |a BIBCUR |b BIBCUR |d 2019-11-22 |h v.4 |i 4496760 |o 620.82 MON 2000 |p 4496760 |r 2025-04-22 |w 2019-11-22 |y BK |k KIN | ||